Formato MARC21

Signatura BDML-MML-Ms-M000773
Número de control M000773
Registro MARC21
Queja
=001 M000773
=003 BDML
=005 19042026093226
=008 190426||||||||||||||||||||||||||||||||||
=031 ##$a1$b1$c1$gG-2$mCantante$nbBEA$o6/8$p8-'nEC,F'4C/8-AFC4F/8-GC,G'4C/$2pe
=040 ##$aBDML$bspa$cBDML
=092 ##$aBDML$bBDML$cEC$dMs$0M000773
=100 1#$aMelgar, Mariano$d1790-1815$jCertificada
=245 10$aQueja$h[música manuscrita]
=300 ##$a2 folios$c34.1 x 24.1 cm
=340 ##$dManuscrito
=348 ##$aPartitura
=382 ##$aCanto y piano$bpiano
=500 ##$aDatos tomados del encabezado de la música.
=520 ##$aLa obra está incompleta
=545 0#$aMariano Lorenzo Melgar Valdivieso nace en Arequipa, Perú, el 10 de agosto de 1790. Sus padres fueron Doña Andrea Valdivieso Gallegos y Don Juan de Dios Melgar Sanabria. Desde sus primeros años de vida demostró precocidad en la adquisición de conocimientos teóricos, como el manejo de varios idiomas y la filosofía. Sus primeros estudios los realizó en el Convento de San Francisco, en donde también sirvió como maestro de Retórica, Latín y Física; es así como tiene acceso a la biblioteca del Seminario Conciliar de San Jerónimo y se sumerge en la literatura europea y revolucionaria de la época. Se enamora de Manuelita Paredes, a quien nombra en sus primeros poemas, y se retira de la carrera eclesiástica. Al producirse la revolución de Mateo Pumacahua en 1814, Melgar se afilia entre los voluntarios de Chuquibamba que iban a unirse a las filas patriotas, y participa como auditor de guerra. Pelea en Huamachiri (en la actual provincia de Melgar, Puno), pero las tropas independentistas fueron derrotadas y hechas prisioneras, incluyendo al joven Melgar. El general español Ramírez, después de mantener cautivo a Melgar por un tiempo, ordenó a sus oficiales fusilarlo. Melgar murió en la mañana del 12 de marzo de 1815, en Puno, poco antes de cumplir la edad de veinticinco años. El 2 de julio de 1964, en reconocimiento por su valentía en las primeras batallas predecesoras a la independencia, el gobierno de Perú aceptó oficialmente a Mariano Melgar como uno de los primeros patriotas y soldados del país para la revolución por la independencia de la nación. Resulta importante destacar sus siguientes producciones: Traducción de “Remedia Amoris”, de Ovidio, Elegías y soneto a Silvia, Fábulas: El cantero y el asno, Las abejas, Las cotorras en un maizal.$uhttps://elbibliote.com/resources/Temas/html/1279.php
=650 04$aYaravís$ySiglo XX$zEcuador, Loja
=773 1#$aMelgar, Mariano (1790-1815)$tQueja$wM000607
=852 ##$aMuseo de la Música Salvador Zaragocín Tapia$hAnexo 18 (a)